| 000 | 01093cam a22002771i 4500 | ||
|---|---|---|---|
| 003 | SA-RiAUC | ||
| 005 | 20241102125032.0 | ||
| 008 | 241030s1983 iq g b 00000dara c | ||
| 040 |
_aSA-RiAUC _bara _cSA-RiAUC _erda |
||
| 082 | 0 | 4 |
_a227.2 _qSA-RiAUC |
| 090 |
_a227.2 _bح م ي |
||
| 100 | 1 |
_aحميد، عفاف عبد الغفور _eمؤلف. |
|
| 245 | 1 | 0 |
_aالبغوي ومنهجه في التفسير / _cتأليف عفاف عبد الغفور حميد. |
| 264 | 1 |
_a[مكان النشر غير محدد] : _b[الناشر غير محدد]، _c1983 |
|
| 264 | 3 |
_aبغداد : _bمطبعة الإرشاد |
|
| 300 |
_a224 صفحة ؛ _c24 سم |
||
| 336 |
_aنص _btxt _2rdacontent _3كتاب |
||
| 337 |
_aبدون وسيط _bn _2rdamedia |
||
| 338 |
_aمجلد _bnc _2rdacarrier |
||
| 504 | _aببليوجرافية : صفحة 183-188. | ||
| 600 | 1 | 7 |
_aالبغوي، الحسين بن مسعود بن محمد، _d436-510 هجري _2aucnm |
| 630 | 2 | 7 |
_aالقرآن _xتفسير _2aucut |
| 730 | 2 | 2 | _aالقرآن |
| 942 |
_2ddc _cBOOK _n0 |
||
| 949 |
_aSA-JeALM _d241030 _ukhaled123 _n1 |
||
| 999 |
_c1975 _d1975 |
||